Baseball Players With The Most Home Runs - Statistics

General Stats
  • This quiz has been taken 114 times
  • The average score is 11 of 15
Answer Stats
Home Runs Player % Correct
762 Barry Bonds
99%
714 Babe Ruth
97%
755 Hank Aaron
97%
696 Alex Rodriguez
87%
609 Sammy Sosa
87%
583 Mark McGwire
86%
660 Willie Mays
82%
657 Albert Pujols
81%
630 Ken Griffey Jr.
76%
612 Jim Thome
68%
586 Frank Robinson
59%
569 Rafael Palmeiro
47%
573 Harmon Killebrew
46%
563 Reggie Jackson
45%
555 Manny Ramirez
44%
No matching quizzes found
Score Distribution
Percent of People with Each Score
Percentile by Number Answered
Your Score History
You have not taken this quiz